The flames burnt dark : (Record no. 88013)

MARC details
000 -LEADER
fixed length control field 00582nam a22001817a 4500
005 - DATE AND TIME OF LATEST TRANSACTION
control field 20140828120737.0
010 ## - LCCN (DPL NO)
LC control number ENG-110406
020 ## - INTERNATIONAL STANDARD BOOK NUMBER
International Standard Book Number 9789382536574
Terms of availability 240.00
035 ## - SYSTEM CONTROL NUMBER
System control number EN-93938
037 ## - SOURCE OF ACQUISITION
Source of stock number/acquisition DBAD/PUB
082 ## - DEWEY DECIMAL CLASSIFICATION NUMBER
Classification number N
100 ## - MAIN ENTRY--PERSONAL NAME
Personal name Gupta, Sayantan
245 ## - TITLE STATEMENT
Title The flames burnt dark :
Remainder of title the tale of the Aryasura /
Statement of responsibility, etc by Sayantan Gupta ; foreworded by Nirmal Kanti Bhattacharjee
260 ## - PUBLICATION, DISTRIBUTION, ETC. (IMPRINT)
Place of publication, distribution, etc New Delhi
Name of publisher, distributor, etc LiFi Publications
Date of publication, distribution, etc 2014
270 ## - ADDRESS
Address 211, 2nd Floor, gagandeep 12 Rajendra Place
City New Delhi
Postal code 110008
300 ## - PHYSICAL DESCRIPTION
Extent xvii,254p.
Dimensions 21cm(pbk)
942 ## - ADDED ENTRY ELEMENTS (KOHA)
Source of classification or shelving scheme Dewey Decimal Classification
Item type English Books
Classification part N
Call number suffix GUP
Holdings
Withdrawn status Lost status Not for loan Collection code Home library Current library Date acquired Source of acquisition Cost, normal purchase price Full call number Barcode Copy number Cost, replacement price Koha item type
    Not For Loan Non-fiction D.B.Act.Division D.B.Act.Division 28/08/2014 DBAD/PUB 240.00 N GUP EN-93938 1 240.00 English Books

© Delhi Public Library
Hit Counter
free hit counter